000 00492cam a22001694a 4500
020 _a9781608760756 (hardcover)
020 _a1608760758 (hardcover)
050 0 0 _aRL131
_b.D47 2010
245 0 0 _aDermatology research focus on acne, melanoma and psoriasis /
_cDavid E. Roth, editor.
260 _aNew York :
_bNova Science Publishers,
_cc2010.
300 _axv, 332 p. :
650 1 2 _xtherapy.
650 2 2 _xtherapy.
650 2 2 _xtherapy.
700 1 _aRoth, David E.,
942 _2lcc
_cGEN
999 _c14328
_d14328